| 000 | 00647nam a2200205Ia 4500 | ||
|---|---|---|---|
| 003 | SEM | ||
| 999 |
_c55836 _d55836 |
||
| 005 | 20220608072433.0 | ||
| 008 | 141116s9999 xx 000 0 eng d | ||
| 020 | _a9780615589602 | ||
| 040 |
_aSEM _cSEM |
||
| 041 | _aeng. | ||
| 080 | _a947.925(084.1)/N-31 | ||
| 100 | _aNavasargian Alice | ||
| 245 | 4 |
_aThe Immortals. _bA pictorial anthology of historiographic works and a brief history of armenians in Persia. / _cA. Navasargian |
|
| 260 |
_aCalifornia: _bs. n., _c2012. |
||
| 300 |
_a530 p.; _bphoto; _c33 cm |
||
| 504 | _aBibliographical references and index p.: 526 - 527 | ||
| 650 | _aArmenian history | ||
| 942 |
_2udc _cBK |
||